la futilidad de criticar al modelo de Simon de elección racional (Registro nro. 32284)

Detalles MARC
000 -LEADER
fixed length control field 00422 a2200121 4500
001 - CONTROL NUMBER
control field ART_39584
005 - DATE AND TIME OF LATEST TRANSACTION
control field 20260410162012.0
008 - FIXED-LENGTH DATA ELEMENTS--GENERAL INFORMATION
fixed length control field 260409a
100 1# - MAIN ENTRY--PERSONAL NAME
Personal name Marqués, Gustavo L.
245 10 - TITLE STATEMENT
Title la futilidad de criticar al modelo de Simon de elección racional
700 1# - ADDED ENTRY--PERSONAL NAME
Personal name Weisman, Diego
773 0# - HOST ITEM ENTRY
Title Documentos del CIECE
Related parts Ensayos sobre racionalidad en economía - Nº 4 (ene./jun. 2008)
Record control number REV39541

No hay ítems disponibles.